000 00709nam a22001937a 4500
999 _c187208
_d187208
005 20220406112143.0
010 _aUR-11512
020 _c350.00
_a-
035 _aU-10067
037 _bDBAD/PUB
_a-
082 _a181.45
_2Ist
100 _aمنشی پنہ لا ل بھا ر گو
245 _aسر ی مد بھگو ت گيتا
_c منشی پنہ لا ل بھا ر گو
_hا ر د و
246 _bSrimad Bhagwat Geeta (Urdu)
_aby Munshi Panna Lal Bhargawa
260 _aRajisthan
_bAzizullah Sherani
_c2021 ء
270 _aFarhat Manzil,Kali Paltan Near Dewanji Ka Kuan,Tonk,
_bRajisthan
_e304001
_k8078602224
_l-
300 _a184 ص
_c22 Cm(Hb)
942 _2ddc
_cUR
_h181.45
_mب ھ گ